000 00286nam a22001337a 4500
008 170316b xxu||||| |||| 00| 0 eng d
020 _a39072
041 _aeng
080 _22ND
_a611
100 _a7
101 _ashm
245 _aREVIEW OF GROSS ANATOMY
_cPANSKY, B
942 _2udc
_cBK
999 _c7966
_d7966